| 000 | 00426nam a2200169 a 4500 | ||
|---|---|---|---|
| 005 | 20140314093114.0 | ||
| 008 | 140314b2003 ||||| |||| 00| 0 spa d | ||
| 041 | _aspa | ||
| 090 |
_aLB _b03832 |
||
| 100 |
_aMcGown, Jay _921441 |
||
| 245 | _aTeatro misterios de biodiversidad | ||
| 260 |
_as.l _bEdmonds Institute _c2003 |
||
| 300 | _a38 p. | ||
| 700 |
_aCuri, Alexandra _921535 |
||
| 942 |
_cImpreso _2z |
||
| 945 | _d2004-08-25 | ||
| 999 |
_c4132 _d4132 |
||